[Event "SB-2016-0-00451"]
[Site "LSS email"]
[Date "2016.06.04"]
[Round "?"]
[White "Brotherton, Trevor S"]
[Black "Fineboim, Igor"]
[Result "1-0"]
[WhiteElo "2014"]
[BlackElo "2024"]
[PlyCount "33"]
[EventDate "2016.04.28"]
[EventType "tourn (corr)"]
[EventRounds "6"]
[EventCountry "GER"]
[SourceTitle "Corr 2022"]
[Source "ChessBase"]
[SourceDate "2021.10.24"]
[SourceVersion "1"]
[SourceVersionDate "2021.10.24"]
[SourceQuality "1"]

1. g3 e5 2. Bg2 Nc6 3. d3 d5 4. Nf3 Nf6 5. 0-0 Be6 6. a3 h6 7. b4 Nd7 8. Nbd2 Bd6 9. c4 a5 10. cxd5 Bxd5 11. b5 Na7 12. a4 c6 13. Nc4 Bb4 14. bxc6 Nxc6 15. Ne3 Bxf3 16. Bxf3 0-0 17. Bb2 1-0

[Event "SB-2016-0-00451"]
[Site "LSS email"]
[Date "2016.06.04"]
[Round "?"]
[White "Fineboim, Igor"]
[Black "Herzog, Klaus"]
[Result "0-1"]
[WhiteElo "2024"]
[BlackElo "1775"]
[PlyCount "28"]
[EventDate "2016.04.28"]
[EventType "tourn (corr)"]
[EventRounds "6"]
[EventCountry "GER"]
[SourceTitle "Corr 2022"]
[Source "ChessBase"]
[SourceDate "2021.10.24"]
[SourceVersion "1"]
[SourceVersionDate "2021.10.24"]
[SourceQuality "1"]

1. d4 Nf6 2. c4 g6 3. Nc3 Bg7 4. e4 0-0 5. f3 Nc6 6. d5 Nb4 7. Be3 d6 8. Nge2 e6 9. Qd2 a5 10. h4 Qe7 11. Bg5 h6 12. Be3 h5 13. Bg5 Qe8 14. Nb5 Na6 0-1

[Event "CP-2015-P-00005"]
[Site "LSS email"]
[Date "2015.09.28"]
[Round "?"]
[White "Fineboim, Igor"]
[Black "Wisham, Clyde"]
[Result "0-1"]
[WhiteElo "2058"]
[BlackElo "2048"]
[PlyCount "77"]
[EventDate "2015.10.01"]
[EventType "tourn (corr)"]
[EventRounds "6"]
[EventCountry "GER"]
[SourceTitle "Corr 2022"]
[Source "ChessBase"]
[SourceDate "2021.10.24"]
[SourceVersion "1"]
[SourceVersionDate "2021.10.24"]
[SourceQuality "1"]

1. Nf3 Nf6 2. c4 g6 3. Nc3 Bg7 4. d4 d5 5. Qb3 dxc4 6. Qxc4 0-0 7. e4 Nc6 8. Be3 Ng4 9. 0-0-0 Nxe3 10. fxe3 e5 11. d5 Na5 12. Qa4 b6 13. Kb1 a6 14. Qc2 Qd6 15. h4 h5 16. Be2 b5 17. Rhf1 Bd7 18. Ng5 Rad8 19. Rc1 Bh6 20. Rf3 Kg7 21. Rg3 c6 22. Rf1 b4 23. dxc6 Qxc6 24. Nd5 Qxc2+ 25. Kxc2 f6 26. Nh3 Rc8+ 27. Kb1 Nc4 28. Bxc4 Rxc4 29. Ne7 Bg4 30. Nf2 f5 31. Nxg4 fxg4 32. Rxf8 Kxf8 33. Nxg6+ Kg7 34. Nxe5 Rxe4 35. Nd3 Kf6 36. Kc2 Kf5 37. Kd2 Bg7 38. Nf4 Bxb2 39. Nxh5 0-1

[Event "SB-2015-0-00421"]
[Site "LSS email"]
[Date "2015.08.23"]
[Round "?"]
[White "Fineboim, Igor"]
[Black "Kolanek, Roman"]
[Result "0-1"]
[WhiteElo "2084"]
[BlackElo "2098"]
[PlyCount "78"]
[EventDate "2015.07.02"]
[EventType "tourn (corr)"]
[EventRounds "6"]
[EventCountry "GER"]
[SourceTitle "Corr 2022"]
[Source "ChessBase"]
[SourceDate "2021.10.24"]
[SourceVersion "1"]
[SourceVersionDate "2021.10.24"]
[SourceQuality "1"]

1. d4 Nf6 2. c4 e6 3. Nf3 d5 4. Nc3 Be7 5. Bf4 b6 6. e3 0-0 7. cxd5 Nxd5 8. Nxd5 Qxd5 9. Bd3 Qa5+ 10. Ke2 c5 11. Qd2 Qxd2+ 12. Kxd2 Bb7 13. dxc5 bxc5 14. Rac1 Nc6 15. a3 Na5 16. Ke2 c4 17. Bc2 Bf6 18. Bd6 Rfc8 19. Bb4 Nb3 20. Rb1 Rd8 21. Rhd1 Rxd1 22. Rxd1 Bxb2 23. Rd7 Bd5 24. e4 Bc6 25. Rc7 Na1 26. Rxc6 Nxc2 27. Rxc4 Nxa3 28. Rc6 h6 29. Ra6 Nb5 30. Kd3 Rd8+ 31. Kc4 Nd4 32. Ne1 Ne2 33. Ra2 Rc8+ 34. Kb3 Nc1+ 35. Kxb2 Nxa2 36. Kxa2 Rc4 37. Kb3 Rxe4 38. Nc2 Re5 39. Nd4 g5 0-1

[Event "SB-2015-0-00421"]
[Site "LSS email"]
[Date "2015.08.23"]
[Round "?"]
[White "Fineboim, Igor"]
[Black "Krabbenbos, Jan"]
[Result "0-1"]
[WhiteElo "2084"]
[BlackElo "1901"]
[PlyCount "64"]
[EventDate "2015.07.02"]
[EventType "tourn (corr)"]
[EventRounds "6"]
[EventCountry "GER"]
[SourceTitle "Corr 2022"]
[Source "ChessBase"]
[SourceDate "2021.10.24"]
[SourceVersion "1"]
[SourceVersionDate "2021.10.24"]
[SourceQuality "1"]

1. e4 c6 2. d4 d5 3. Nc3 dxe4 4. Nxe4 Nd7 5. Ng5 Ngf6 6. Bd3 Qc7 7. N1f3 e6 8. Qe2 h6 9. Bg6 hxg5 10. Bxf7+ Kd8 11. Nxg5 Nb6 12. Bg6 Bb4+ 13. c3 Rxh2 14. 0-0 Bd6 15. g3 Bxg3 16. Qf3 Bd6 17. Nf7+ Kd7 18. Bg5 Nbd5 19. Rfe1 Ke7 20. Ne5 Rh8 21. c4 Nb6 22. Ng4 Rf8 23. c5 Kd8 24. cxd6 Qxd6 25. Ne5 Bd7 26. Nf7+ Rxf7 27. Bxf7 Ke7 28. Bg6 Rh8 29. Qg3 Qxg3+ 30. fxg3 Be8 31. Bc2 Kd7 32. Kg2 Rh5 0-1

[Event "BI-2015-P-0000"]
[Site "LSS email"]
[Date "2015.04.16"]
[Round "?"]
[White "Fineboim, Igor"]
[Black "Bieszk, Stanislaw"]
[Result "0-1"]
[WhiteElo "2095"]
[BlackElo "903"]
[PlyCount "26"]
[EventDate "2015.04.22"]
[EventType "tourn (corr)"]
[EventRounds "10"]
[EventCountry "GER"]
[SourceTitle "Corr 2022"]
[Source "ChessBase"]
[SourceDate "2021.10.24"]
[SourceVersion "1"]
[SourceVersionDate "2021.10.24"]
[SourceQuality "1"]

1. e4 c6 2. d4 d5 3. Nd2 dxe4 4. Nxe4 Bf5 5. Ng3 Bg6 6. h4 h6 7. Nf3 Nd7 8. h5 Bh7 9. Bd3 Bxd3 10. Qxd3 e6 11. Bf4 Ngf6 12. 0-0-0 Nd5 13. Kd2 Nxf4 0-1

[Event "BI-2015-P-0000"]
[Site "LSS email"]
[Date "2015.04.16"]
[Round "?"]
[White "Fineboim, Igor"]
[Black "Molina, Vicente Andres"]
[Result "1-0"]
[WhiteElo "2095"]
[BlackElo "793"]
[PlyCount "47"]
[EventDate "2015.04.22"]
[EventType "tourn (corr)"]
[EventRounds "10"]
[EventCountry "GER"]
[SourceTitle "Corr 2022"]
[Source "ChessBase"]
[SourceDate "2021.10.24"]
[SourceVersion "1"]
[SourceVersionDate "2021.10.24"]
[SourceQuality "1"]

1. e4 c5 2. Nf3 d6 3. Bb5+ Nc6 4. 0-0 e6 5. Re1 Nge7 6. c3 Bd7 7. d4 cxd4 8. cxd4 g6 9. Na3 Bg7 10. Nc4 Nc8 11. d5 Ne5 12. Ncxe5 dxe5 13. dxe6 fxe6 14. Bxd7+ Qxd7 15. Qb3 0-0 16. Rd1 Qe7 17. Bg5 Qf7 18. Be3 Nb6 19. Ng5 Qf6 20. Nxe6 Rf7 21. Ng5 Raf8 22. Rac1 h6 23. Nxf7 Qxf7 24. Rc7 1-0

[Event "BI-2015-P-0000"]
[Site "LSS email"]
[Date "2015.04.16"]
[Round "?"]
[White "Fineboim, Igor"]
[Black "Sofia, Gerardo"]
[Result "1-0"]
[WhiteElo "2095"]
[BlackElo "1519"]
[PlyCount "119"]
[EventDate "2015.04.22"]
[EventType "tourn (corr)"]
[EventRounds "10"]
[EventCountry "GER"]
[SourceTitle "Corr 2022"]
[Source "ChessBase"]
[SourceDate "2021.10.24"]
[SourceVersion "1"]
[SourceVersionDate "2021.10.24"]
[SourceQuality "1"]

1. Nf3 Nf6 2. d4 g6 3. c4 d6 4. g3 Bg7 5. Bg2 0-0 6. 0-0 c5 7. dxc5 dxc5 8. Ne5 Qc7 9. Nd3 Nc6 10. Nc3 Rd8 11. Bf4 e5 12. Bg5 h6 13. Bxf6 Bxf6 14. Qa4 Nd4 15. e3 Bf5 16. Nc1 Bd7 17. Qd1 Nf5 18. Nd5 Qd6 19. Qb3 Bc6 20. Ne2 Rac8 21. Rfd1 Qe6 22. Bh3 e4 23. Nef4 Qe5 24. Nxf6+ Qxf6 25. Qa3 Qe5 26. Qxa7 Ra8 27. Rxd8+ Rxd8 28. Qa5 Rd6 29. Rf1 g5 30. Nd5 Bxd5 31. Qxc5 Ne7 32. cxd5 Rxd5 33. Qb6 Rb5 34. Qxh6 Rxb2 35. a4 Nd5 36. Rc1 Nc3 37. Kg2 Rd2 38. Bg4 Rd6 39. Qh5 Qf6 40. h4 gxh4 41. Qxh4 Qxh4 42. gxh4 Nxa4 43. Bf5 b5 44. Bxe4 b4 45. Rc4 Rb6 46. Bc2 Nc3 47. Bb3 Kg7 48. Rc7 Rg6+ 49. Kf1 Rf6 50. f4 Ne4 51. Ke2 Nd6 52. Kf3 Rh6 53. Rd7 Kf8 54. e4 Ke8 55. Ba4 Kf8 56. h5 f5 57. e5 Ne4 58. Bc2 Rb6 59. Bxe4 fxe4+ 60. Kxe4 1-0

[Event "CP-2014-P-00031"]
[Site "LSS email"]
[Date "2014.09.30"]
[Round "?"]
[White "Fineboim, Igor"]
[Black "Isaacson, David"]
[Result "1/2-1/2"]
[WhiteElo "2093"]
[BlackElo "2063"]
[PlyCount "122"]
[EventDate "2014.10.01"]
[EventType "tourn (corr)"]
[EventRounds "6"]
[EventCountry "GER"]
[SourceTitle "Corr 2022"]
[Source "ChessBase"]
[SourceDate "2021.10.24"]
[SourceVersion "1"]
[SourceVersionDate "2021.10.24"]
[SourceQuality "1"]

1. d4 Nf6 2. c4 e6 3. Nf3 b6 4. Nc3 Bb4 5. Qb3 c5 6. a3 Bxc3+ 7. Qxc3 0-0 8. Bg5 Bb7 9. dxc5 bxc5 10. e3 d6 11. Bxf6 Qxf6 12. Qxf6 gxf6 13. b4 Rc8 14. b5 Kf8 15. Nd2 Nd7 16. a4 f5 17. f3 Ke7 18. a5 Rab8 19. Be2 Rg8 20. Kf2 h5 21. a6 Ba8 22. Rhc1 h4 23. Rc2 Rg6 24. Nb3 Rbg8 25. Rg1 Rf6 26. Na5 f4 27. exf4 Rxf4 28. g3 hxg3+ 29. hxg3 Rf6 30. Rh1 Ne5 31. Rc3 Kd7 32. Rh7 Kc7 33. f4 Kb6 34. Nb7 Bxb7 35. axb7 Kxb7 36. Ra3 Ng4+ 37. Kf1 Ne5 38. Ke1 Nd7 39. Bh5 Rf8 40. Bf3+ Kb8 41. Rh2 Nb6 42. Rha2 Rc8 43. Rxa7 d5 44. R7a6 Kc7 45. Kf2 Rb8 46. Ra7+ Rb7 47. Rxb7+ Kxb7 48. cxd5 exd5 49. Rc2 c4 50. Ke3 Kc7 51. Kd4 Rg6 52. g4 Rf6 53. f5 Rh6 54. Kc5 Rd6 55. Ra2 Nd7+ 56. Kd4 f6 57. Ra7+ Kb8 58. Ra1 Kc7 59. Bg2 Kb8 60. Re1 Kc7 61. Re7 Kd8 1/2-1/2

[Event "OP-2014-0-03411"]
[Site "LSS email"]
[Date "2014.06.01"]
[Round "?"]
[White "Raines, David T"]
[Black "Fineboim, Igor"]
[Result "0-1"]
[WhiteElo "939"]
[BlackElo "2033"]
[PlyCount "43"]
[EventDate "2014.05.24"]
[EventType "tourn (corr)"]
[EventRounds "4"]
[EventCountry "GER"]
[SourceTitle "Corr 2015"]
[Source "ChessBase"]
[SourceDate "2015.07.17"]
[SourceVersion "1"]
[SourceVersionDate "2015.07.17"]
[SourceQuality "1"]

1. d4 Nf6 2. c4 e6 3. g3 c5 4. d5 exd5 5. cxd5 d6 6. Bg2 g6 7. Nc3 Bg7 8. e4 0-0 9. Nge2 Re8 10. 0-0 a6 11. a4 Nbd7 12. Bf4 Ne5 13. h3 Rb8 14. Nc1 b5 15. axb5 axb5 16. Nd3 Nfd7 17. Qd2 b4 18. Nd1 Nxd3 19. Qxd3 Ne5 20. Qe2 Bd7 21. b3 Bb5 22. Ne3 0-1

[Event "OP-2013-0-03179"]
[Site "LSS email"]
[Date "2013.12.17"]
[Round "?"]
[White "Fineboim, Igor"]
[Black "Lenz, Juergen"]
[Result "1-0"]
[WhiteElo "2029"]
[BlackElo "1087"]
[PlyCount "63"]
[EventDate "2013.12.14"]
[EventType "tourn (corr)"]
[EventRounds "4"]
[EventCountry "GER"]
[SourceTitle "Telechess CBM 167"]
[Source "ChessBase"]
[SourceDate "2015.07.13"]
[SourceVersion "1"]
[SourceVersionDate "2015.07.13"]
[SourceQuality "1"]

1. d4 c5 2. Nf3 Nf6 3. d5 c4 4. Nc3 Qa5 5. Qd4 b5 6. e4 b4 7. Qxc4 Ba6 8. Nb5 Bxb5 9. Qxb5 Qxb5 10. Bxb5 Nxe4 11. 0-0 g6 12. a3 b3 13. Re1 Nd6 14. Bd3 bxc2 15. Bf4 Kd8 16. Bxd6 exd6 17. Ng5 Rg8 18. Re2 f6 19. Nf7+ Kc7 20. Rxc2+ Kb7 21. Rc3 a5 22. Nd8+ Kb6 23. b4 Na6 24. bxa5+ Ka7 25. Bxa6 Kxa6 26. Nf7 f5 27. Rc7 Bg7 28. Rd1 Rgc8 29. Rxd7 Bd4 30. g3 Bc5 31. Nxd6 Rd8 32. Nb7 1-0

[Event "CP-2013-P-00059"]
[Site "LSS email"]
[Date "2013.09.30"]
[Round "?"]
[White "Basson, Heinrich"]
[Black "Fineboim, Igor"]
[Result "0-1"]
[WhiteElo "1260"]
[BlackElo "2032"]
[PlyCount "68"]
[EventDate "2013.10.01"]
[EventType "tourn (corr)"]
[EventRounds "6"]
[EventCountry "GER"]
[SourceTitle "Telechess CBM 167"]
[Source "ChessBase"]
[SourceDate "2015.07.13"]
[SourceVersion "1"]
[SourceVersionDate "2015.07.13"]
[SourceQuality "1"]

1. d4 Nf6 2. c4 e6 3. Nf3 b6 4. Nc3 Bb4 5. a3 Bxc3+ 6. bxc3 Bb7 7. e3 Ne4 8. Bd3 f5 9. a4 Nxc3 10. Qc2 Ne4 11. a5 c5 12. Ba3 0-0 13. 0-0 d6 14. Nd2 Nxd2 15. Qxd2 Nc6 16. axb6 axb6 17. Be2 f4 18. Bf3 fxe3 19. fxe3 Qe7 20. Qc3 h6 21. Rab1 Na5 22. Bxb7 Qxb7 23. dxc5 Rxf1+ 24. Rxf1 bxc5 25. Bb2 Nc6 26. Qc2 Ne7 27. Bc3 Nf5 28. Qd3 Ra3 29. g3 Rb3 30. g4 Nh4 31. e4 Ng6 32. Qc2 e5 33. h3 Nf4 34. Rf3 Ra3 0-1

[Event "CP-2013-P-00059"]
[Site "LSS email"]
[Date "2013.09.30"]
[Round "?"]
[White "Fineboim, Igor"]
[Black "Feng, Jason"]
[Result "1-0"]
[WhiteElo "2032"]
[BlackElo "903"]
[PlyCount "43"]
[EventDate "2013.10.01"]
[EventType "tourn (corr)"]
[EventRounds "6"]
[EventCountry "GER"]
[SourceTitle "Telechess CBM 167"]
[Source "ChessBase"]
[SourceDate "2015.07.13"]
[SourceVersion "1"]
[SourceVersionDate "2015.07.13"]
[SourceQuality "1"]

1. b3 b6 2. Nf3 Bb7 3. Bb2 Nf6 4. c4 e6 5. Nc3 Be7 6. d4 d5 7. e3 c5 8. Bd3 dxc4 9. bxc4 cxd4 10. exd4 0-0 11. 0-0 Nbd7 12. Qe2 Rc8 13. Rad1 Re8 14. Ne5 Nxe5 15. dxe5 Nd7 16. Nb5 a6 17. Nd6 Bxd6 18. exd6 Qg5 19. f4 Qh4 20. Bb1 Red8 21. Rd3 Nc5 22. Rh3 1-0

[Event "SA-2013-0-00342"]
[Site "LSS email"]
[Date "2013.04.22"]
[Round "?"]
[White "Salzmann, Stefan"]
[Black "Fineboim, Igor"]
[Result "1/2-1/2"]
[WhiteElo "2092"]
[BlackElo "2031"]
[PlyCount "62"]
[EventDate "2013.04.05"]
[EventType "tourn (corr)"]
[EventRounds "6"]
[EventCountry "GER"]
[SourceTitle "Telechess CBM 167"]
[Source "ChessBase"]
[SourceDate "2015.07.13"]
[SourceVersion "1"]
[SourceVersionDate "2015.07.13"]
[SourceQuality "1"]

1. e4 c5 2. Nf3 Qc7 3. Nc3 Nc6 4. d4 cxd4 5. Nxd4 e6 6. Be2 a6 7. 0-0 Bc5 8. Nb3 Ba7 9. a4 Nge7 10. Bg5 Bb8 11. g3 0-0 12. Be3 Rd8 13. a5 Ba7 14. Bxa7 Rxa7 15. Qd2 d5 16. exd5 Nxd5 17. Nxd5 exd5 18. Bf3 Be6 19. Rfe1 Raa8 20. Bg2 Rab8 21. c3 h6 22. Nc5 Bf5 23. b4 d4 24. h3 Rbc8 25. Rac1 d3 26. Ra1 Bg6 27. h4 Rd6 28. Re3 Rcd8 29. Rae1 Qc8 30. Ne4 Bxe4 31. Rxe4 Kf8 1/2-1/2

[Event "OP-2013-0-02589"]
[Site "LSS email"]
[Date "2013.01.15"]
[Round "?"]
[White "Fineboim, Igor"]
[Black "Dlugolecki, Grzegorz"]
[Result "1-0"]
[WhiteElo "2028"]
[BlackElo "1601"]
[PlyCount "45"]
[EventDate "2013.01.12"]
[EventType "tourn (corr)"]
[EventRounds "4"]
[EventCountry "GER"]
[SourceTitle "Telechess CBM 161"]
[Source "ChessBase"]
[SourceDate "2014.07.16"]
[SourceVersion "1"]
[SourceVersionDate "2014.07.16"]
[SourceQuality "1"]

1. e4 c6 2. d4 d5 3. exd5 cxd5 4. c4 Nf6 5. Nc3 dxc4 6. Bxc4 e6 7. Nf3 a6 8. 0-0 b5 9. Bb3 b4 10. Ne2 Bd6 11. Bf4 Bxf4 12. Nxf4 0-0 13. Rc1 Ra7 14. Ne5 Qd6 15. Re1 Re7 16. Qd2 Rd8 17. Nxf7 Rxf7 18. Rxe6 Bxe6 19. Nxe6 a5 20. Qd3 Ng4 21. Qh3 Re8 22. Qxg4 Kh8 23. g3 1-0

[Event "OP-2013-0-02589"]
[Site "LSS email"]
[Date "2013.01.15"]
[Round "?"]
[White "Hillebrand, Carsten"]
[Black "Fineboim, Igor"]
[Result "0-1"]
[WhiteElo "1645"]
[BlackElo "2028"]
[PlyCount "54"]
[EventDate "2013.01.12"]
[EventType "tourn (corr)"]
[EventRounds "4"]
[EventCountry "GER"]
[SourceTitle "Telechess CBM 161"]
[Source "ChessBase"]
[SourceDate "2014.07.16"]
[SourceVersion "1"]
[SourceVersionDate "2014.07.16"]
[SourceQuality "1"]

1. c4 Nf6 2. g3 d5 3. cxd5 Nxd5 4. Bg2 c5 5. Nc3 Nc7 6. Nf3 Nc6 7. 0-0 e5 8. a3 f6 9. e3 Qd3 10. Ne1 Qa6 11. Nc2 c4 12. f4 h5 13. Bf3 g6 14. Be2 Be6 15. b3 0-0-0 16. h4 exf4 17. gxf4 Rg8 18. Rf2 f5 19. Qf1 Bg7 20. Rb1 Bxc3 21. dxc3 Qb6 22. Bxc4 Bxc4 23. Qxc4 Kb8 24. Bd2 Nd5 25. Rg2 Nf6 26. b4 Ne4 27. Nd4 Ne7 0-1

[Event "OP-2012-0-02556"]
[Site "LSS email"]
[Date "2012.12.22"]
[Round "?"]
[White "Bieszk, Stanislaw"]
[Black "Fineboim, Igor"]
[Result "0-1"]
[WhiteElo "1205"]
[BlackElo "2028"]
[PlyCount "86"]
[EventDate "2012.12.19"]
[EventType "tourn (corr)"]
[EventRounds "4"]
[EventCountry "GER"]
[SourceTitle "Telechess CBM 161"]
[Source "ChessBase"]
[SourceDate "2014.07.16"]
[SourceVersion "1"]
[SourceVersionDate "2014.07.16"]
[SourceQuality "1"]

1. e4 c5 2. Nf3 a6 3. c4 e6 4. Nc3 Qc7 5. Be2 b6 6. d3 Bb7 7. 0-0 Nc6 8. Be3 Nf6 9. h3 Be7 10. Re1 0-0 11. Bf1 d6 12. g3 Nd7 13. Bg2 Nde5 14. Ne2 Nxf3+ 15. Bxf3 b5 16. Bg2 Bf6 17. cxb5 axb5 18. d4 Rfd8 19. a3 Na5 20. b3 c4 21. b4 Nb3 22. Ra2 h6 23. Qc2 d5 24. Bf4 Qb6 25. e5 Be7 26. Be3 Ra4 27. Nc3 Ra7 28. Qb2 Bc6 29. f4 Be8 30. f5 Bg5 31. Bf2 Bd2 32. Rd1 Bxc3 33. Qxc3 exf5 34. Rb1 Qc6 35. Rxb3 cxb3 36. Qxb3 Qc1+ 37. Kh2 f4 38. Bxd5 Rxd5 39. Qxd5 Bc6 40. Qd8+ Kh7 41. d5 fxg3+ 42. Kxg3 Rd7 43. Qc8 Qg5+ 0-1

[Event "OP-2012-0-02556"]
[Site "LSS email"]
[Date "2012.12.22"]
[Round "?"]
[White "Fineboim, Igor"]
[Black "Huerga, Aser"]
[Result "0-1"]
[WhiteElo "2028"]
[BlackElo "2123"]
[PlyCount "120"]
[EventDate "2012.12.19"]
[EventType "tourn (corr)"]
[EventRounds "4"]
[EventCountry "GER"]
[SourceTitle "Telechess CBM 161"]
[Source "ChessBase"]
[SourceDate "2014.07.16"]
[SourceVersion "1"]
[SourceVersionDate "2014.07.16"]
[SourceQuality "1"]

1. e4 c5 2. Nf3 d6 3. Bb5+ Bd7 4. Bxd7+ Qxd7 5. 0-0 Nf6 6. e5 dxe5 7. Nxe5 Qc7 8. d4 cxd4 9. Bf4 Qb6 10. Nd2 e6 11. Ndc4 Qc5 12. c3 dxc3 13. bxc3 Nc6 14. Rb1 b5 15. Be3 Qd5 16. Bd4 Nxd4 17. cxd4 Be7 18. Ne3 Qb7 19. Qb3 a6 20. a4 b4 21. Nf5 a5 22. Nxg7+ Kf8 23. Nf5 Rg8 24. g3 Qd5 25. Ne3 Qxb3 26. Rxb3 Kg7 27. Rc1 Bd6 28. Rc6 Rgd8 29. N3c4 Bxe5 30. dxe5 Ne4 31. Rc7 Nc3 32. Nd6 Rf8 33. Rbxc3 bxc3 34. Rxc3 Rab8 35. Rc5 Kg6 36. Kg2 h5 37. h4 Rfd8 38. Rc7 Rb2 39. Ra7 Re2 40. Rxa5 f6 41. Ra6 Rxe5 42. Nc4 Re4 43. Ne3 Rd2 44. Kf3 Rb4 45. g4 hxg4+ 46. Nxg4 Rdd4 47. Ne3 e5 48. a5 Ra4 49. Rc6 Rxh4 50. Kg3 Kg5 51. Rc8 Rhf4 52. Ra8 Ra2 53. a6 Rfa4 54. Rg8+ Kh5 55. Nd5 R4a3+ 56. f3 f5 57. Rh8+ Kg6 58. Rg8+ Kf7 59. Rb8 e4 60. Rb7+ Ke6 0-1

[Event "SA-2012-0-00310"]
[Site "LSS email"]
[Date "2012.11.07"]
[Round "?"]
[White "Fineboim, Igor"]
[Black "Edwards, KEDG"]
[Result "1-0"]
[WhiteElo "2033"]
[BlackElo "1616"]
[PlyCount "71"]
[EventDate "2012.10.22"]
[EventType "tourn (corr)"]
[EventRounds "6"]
[EventCountry "GER"]
[SourceTitle "Telechess CBM 163"]
[Source "ChessBase"]
[SourceDate "2014.11.11"]
[SourceVersion "2"]
[SourceVersionDate "2014.11.11"]
[SourceQuality "1"]

1. Nf3 Nf6 2. c4 c6 3. d4 d5 4. Nc3 a6 5. a4 e6 6. Bg5 Nbd7 7. cxd5 exd5 8. e3 Qa5 9. Bd3 Ne4 10. 0-0 Nxg5 11. Nxg5 Nf6 12. Qc2 h6 13. Nf3 Bd6 14. h3 Qc7 15. Rfb1 Be6 16. a5 0-0 17. b4 Rae8 18. Rb2 Bc8 19. Na4 Ne4 20. Bxe4 Rxe4 21. Nc5 Re7 22. Nh4 g6 23. Qc3 Rfe8 24. Nf3 Bf5 25. Nh4 Bd7 26. Qd3 Qc8 27. Qf1 Be6 28. Rc1 Qd8 29. Rb3 Bc8 30. Nf3 Rc7 31. Qe2 Qf6 32. Qd1 Kg7 33. Nd3 h5 34. Nfe5 Qe7 35. Ra1 Kg8 36. Ra2 1-0

[Event "SA-2012-0-00310"]
[Site "LSS email"]
[Date "2012.11.07"]
[Round "?"]
[White "Fineboim, Igor"]
[Black "Schwarte, Joachim"]
[Result "1/2-1/2"]
[WhiteElo "2033"]
[BlackElo "2067"]
[PlyCount "104"]
[EventDate "2012.10.22"]
[EventType "tourn (corr)"]
[EventRounds "6"]
[EventCountry "GER"]
[SourceTitle "Telechess CBM 163"]
[Source "ChessBase"]
[SourceDate "2014.11.11"]
[SourceVersion "2"]
[SourceVersionDate "2014.11.11"]
[SourceQuality "1"]

1. d4 Nf6 2. c4 e6 3. Nf3 d5 4. Nc3 c6 5. e3 Nbd7 6. Qc2 Bd6 7. Bd3 0-0 8. 0-0 dxc4 9. Bxc4 b5 10. Be2 Bb7 11. Rd1 Qb8 12. e4 e5 13. dxe5 Nxe5 14. Nd4 b4 15. Nf5 Bc5 16. Na4 Bxf2+ 17. Kxf2 Neg4+ 18. Bxg4 Nxg4+ 19. Ke1 Qxh2 20. Qe2 Rad8 21. Bg5 f6 22. Be3 Nxe3 23. Qxe3 Qxg2 24. Nc5 Bc8 25. Qb3+ Kh8 26. Qg3 Qxg3+ 27. Nxg3 Bg4 28. Rxd8 Rxd8 29. Nf1 h5 30. Ne3 Bc8 31. Nc2 a5 32. Rd1 Rxd1+ 33. Kxd1 Kh7 34. Ke2 Bg4+ 35. Kf2 f5 36. e5 g5 37. Nd4 h4 38. Nxc6 Kg6 39. Nxa5 f4 40. e6 Kf6 41. Ne4+ Kxe6 42. Nxg5+ Kd5 43. Nf3 h3 44. Nb3 Bf5 45. Nbd2 Kc5 46. Ke2 Bg6 47. Nf1 Bb1 48. Ng5 Bf5 49. Nh2 Kd5 50. Nhf3 Kc5 51. Nf7 Be6 52. N7g5 Bf5 1/2-1/2

[Event "SA-2012-0-00310"]
[Site "LSS email"]
[Date "2012.11.07"]
[Round "?"]
[White "Meissner, Ruediger"]
[Black "Fineboim, Igor"]
[Result "1/2-1/2"]
[WhiteElo "2063"]
[BlackElo "2033"]
[PlyCount "53"]
[EventDate "2012.10.22"]
[EventType "tourn (corr)"]
[EventRounds "6"]
[EventCountry "GER"]
[SourceTitle "Telechess CBM 163"]
[Source "ChessBase"]
[SourceDate "2014.11.11"]
[SourceVersion "2"]
[SourceVersionDate "2014.11.11"]
[SourceQuality "1"]

1. d4 Nf6 2. Nf3 c5 3. d5 b5 4. Bg5 Qb6 5. a4 b4 6. e3 Ne4 7. Bf4 Ba6 8. Bd3 Nf6 9. 0-0 d6 10. e4 g6 11. Re1 Bg7 12. e5 dxe5 13. Nxe5 0-0 14. a5 Qb7 15. c4 Nh5 16. Bc1 Qc7 17. Ng4 e6 18. Nh6+ Kh8 19. Be4 Bb7 20. Bf3 Na6 21. Bxh5 gxh5 22. Qxh5 exd5 23. Nf5 Rae8 24. Rxe8 Rxe8 25. Nd2 d4 26. Nxg7 Qc6 27. f3 1/2-1/2

[Event "SA-2012-0-00305"]
[Site "LSS email"]
[Date "2012.10.16"]
[Round "?"]
[White "Fineboim, Igor"]
[Black "Salzmann, Stefan"]
[Result "1/2-1/2"]
[WhiteElo "2054"]
[BlackElo "2047"]
[PlyCount "36"]
[EventDate "2012.09.25"]
[EventType "tourn (corr)"]
[EventRounds "6"]
[EventCountry "GER"]
[SourceTitle "Corr 2015"]
[Source "ChessBase"]
[SourceDate "2015.07.17"]
[SourceVersion "1"]
[SourceVersionDate "2015.07.17"]
[SourceQuality "1"]

1. e4 Nf6 2. e5 Nd5 3. c4 Nb6 4. c5 Nd5 5. Nc3 e6 6. d4 Nxc3 7. bxc3 b6 8. cxb6 axb6 9. Nf3 Be7 10. Bd3 Ba6 11. 0-0 Bxd3 12. Qxd3 Nc6 13. a4 0-0 14. Re1 Re8 15. Bf4 h6 16. d5 exd5 17. Qxd5 Ra5 18. Qd3 Bc5 1/2-1/2

[Event "BI-2012-P-00036"]
[Site "LSS email"]
[Date "2012.04.20"]
[Round "?"]
[White "Fineboim, Igor"]
[Black "Pereira, Antonio"]
[Result "1-0"]
[WhiteElo "2041"]
[BlackElo "1081"]
[PlyCount "67"]
[EventDate "2012.04.22"]
[EventType "tourn (corr)"]
[EventRounds "10"]
[EventCountry "GER"]
[SourceTitle "Telechess CBM 165"]
[Source "ChessBase"]
[SourceDate "2015.03.11"]
[SourceVersion "1"]
[SourceVersionDate "2015.03.11"]
[SourceQuality "1"]

1. d4 d5 2. c4 e6 3. Nc3 Nf6 4. Nf3 Nc6 5. Bg5 Bb4 6. e3 h6 7. Bxf6 Qxf6 8. Qb3 a5 9. a3 a4 10. Qc2 Bxc3+ 11. Qxc3 0-0 12. Be2 Bd7 13. 0-0 Qe7 14. Rac1 Rfc8 15. cxd5 exd5 16. Qc5 Qe6 17. Rfe1 Na5 18. Bd1 b6 19. Qc3 c5 20. Bc2 Nc4 21. e4 Nd6 22. exd5 Qxd5 23. Re5 Qc4 24. Qd2 cxd4 25. Bh7+ Kxh7 26. Rxc4 Nxc4 27. Qd3+ Kh8 28. Re7 Be6 29. h3 Ra5 30. Kh2 Nxb2 31. Qb1 Nc4 32. Nxd4 Bd5 33. Nb5 Kg8 34. Qf5 1-0